00517nam a2200145Ia 4500008004100000041000800041082001200049100001800061245002900079260003600108300001900144520004500163999001700208952014600225240719s9999 xx 000 0 und d aeng a823 DES aDesai, Ranjit aKarna: The Great Warrior aHaryanabHarper Perennialc2019 a253 P.; 20 Cm. aFaculty Purchase For LRC/ Prof. J Sharma c41178d41178 00104070aIMTNbIMTNcRack 40-Ad2023-03-17l9m3n222o823 DESp32873q2026-01-22r2026-01-12 13:04:12s2026-01-12w2022-02-11yBKzGifted